[Event "World Chess Olympiad 2018"]
[Site "Batumi"]
[Date "2018.10.03"]
[Round "9"]
[Board "3"]
[WhiteFideId "7000197"]
[White "Matsuo Tomohiko"]
[BlackFideId "3805662"]
[Black "Martinez Alcantara Jose Eduardo"]
[Result "1-0"]
[LiveChessVersion "1.4.8"]
[BlackElo "2565"]
[WhiteElo "2170"]

1. e4 {[%clk 1:30:56]} e5 {[%clk 1:30:58]} 2. Nf3 {[%clk 1:31:16]} Nc6
{[%clk 1:31:24]} 3. Bb5 {[%clk 1:31:34]} a6 {[%clk 1:31:50]} 4. Ba4
{[%clk 1:31:55]} Nf6 {[%clk 1:32:15]} 5. O-O {[%clk 1:29:42]} Be7
{[%clk 1:32:42]} 6. Re1 {[%clk 1:30:06]} b5 {[%clk 1:33:10]} 7. Bb3
{[%clk 1:30:29]} d6 {[%clk 1:33:36]} 8. c3 {[%clk 1:30:49]} O-O {[%clk 1:34:01]}
9. h3 {[%clk 1:31:11]} Bb7 {[%clk 1:34:27]} 10. d4 {[%clk 1:28:09]} Nd7
{[%clk 1:34:32]} 11. Nbd2 {[%clk 1:26:00]} exd4 {[%clk 1:33:56]} 12. cxd4
{[%clk 1:26:22]} Bf6 {[%clk 1:33:52]} 13. Nf1 {[%clk 1:25:42]} Na5
{[%clk 1:34:16]} 14. Bc2 {[%clk 1:26:02]} Re8 {[%clk 1:33:35]} 15. Bf4
{[%clk 1:20:10]} g6 {[%clk 1:30:22]} 16. Rc1 {[%clk 1:16:27]} c5 {[%clk 1:29:35]}
17. b3 {[%clk 0:55:55]} Nc6 {[%clk 1:24:51]} 18. d5 {[%clk 0:44:06]} Nce5
{[%clk 1:25:12]} 19. N1h2 {[%clk 0:42:18]} Nxf3+ {[%clk 1:15:56]} 20. Qxf3
{[%clk 0:40:18]} Ne5 {[%clk 1:13:10]} 21. Qg3 {[%clk 0:38:32]} Qa5
{[%clk 1:10:22]} 22. Bb1 {[%clk 0:32:23]} c4 {[%clk 0:49:17]} 23. Red1
{[%clk 0:24:10]} h5 {[%clk 0:45:34]} 24. Bxe5 {[%clk 0:13:39]} Bxe5
{[%clk 0:40:24]} 25. f4 {[%clk 0:14:04]} Qb6+ {[%clk 0:36:00]} 26. Kh1
{[%clk 0:14:27]} Bg7 {[%clk 0:35:57]} 27. bxc4 {[%clk 0:14:39]} bxc4
{[%clk 0:36:21]} 28. Rxc4 {[%clk 0:14:37]} a5 {[%clk 0:36:29]} 29. Nf3
{[%clk 0:13:41]} Qe3 {[%clk 0:31:39]} 30. Rc7 {[%clk 0:11:27]} Qb6
{[%clk 0:32:05]} 31. Rc4 {[%clk 0:10:14]} Qe3 {[%clk 0:32:31]} 32. Rc7
{[%clk 0:10:27]} Qb6 {[%clk 0:33:00]} 33. Rcc1 {[%clk 0:09:35]} Bh6
{[%clk 0:29:04]} 34. Nd4 {[%clk 0:08:36]} Kh7 {[%clk 0:24:46]} 35. Rc3
{[%clk 0:08:12]} Qd8 {[%clk 0:16:27]} 36. Nc6 {[%clk 0:06:43]} Qf6
{[%clk 0:14:18]} 37. Rf3 {[%clk 0:05:05]} Bxc6 {[%clk 0:13:07]} 38. dxc6
{[%clk 0:05:33]} Ra7 {[%clk 0:13:17]} 39. f5 {[%clk 0:01:47]} Qe5
{[%clk 0:07:01]} 40. fxg6+ {[%clk 0:31:04]} fxg6 {[%clk 0:37:30]} 41. Rxd6
{[%clk 0:29:29]} Rg7 {[%clk 0:33:15]} 42. Qxe5 Rxe5 43. Rc3 {[%clk 0:26:51]} Ree7
{[%clk 0:31:58]} 44. g3 {[%clk 0:24:40]} h4 {[%clk 0:31:05]} 45. e5
{[%clk 0:21:12]} Rc7 {[%clk 0:29:08]} 46. Kg2 {[%clk 0:19:47]} hxg3
{[%clk 0:28:44]} 47. Kxg3 {[%clk 0:19:48]} Kg8 {[%clk 0:28:05]} 48. Bxg6
{[%clk 0:15:50]} Rge7 {[%clk 0:27:42]} 49. e6 {[%clk 0:13:32]} Bf8
{[%clk 0:27:43]} 50. Bf7+ {[%clk 0:12:56]} Kg7 {[%clk 0:28:08]} 51. Rd8
{[%clk 0:13:05]} Ra7 {[%clk 0:28:05]} 52. Kf4 {[%clk 0:13:16]} 1-0

[Event "World Chess Olympiad 2018"]
[Site "Batumi"]
[Date "2018.10.03"]
[Round "9"]
[Board "4"]
[WhiteFideId "3801969"]
[White "Cruz Cristhian"]
[BlackFideId "7001762"]
[Black "Otawa Yuto"]
[Result "1-0"]
[LiveChessVersion "1.4.8"]
[BlackElo "2161"]
[WhiteElo "2571"]

1. e4 {[%clk 1:30:57]} e6 {[%clk 1:30:37]} 2. d4 {[%clk 1:31:20]} d5
{[%clk 1:30:48]} 3. Bd3 {[%clk 1:31:45]} Nf6 {[%clk 1:27:06]} 4. e5
{[%clk 1:32:08]} Nfd7 {[%clk 1:27:04]} 5. f4 {[%clk 1:32:24]} c5 {[%clk 1:26:08]}
6. c3 {[%clk 1:31:01]} Nc6 {[%clk 1:24:02]} 7. Nf3 {[%clk 1:31:18]} Be7
{[%clk 1:22:40]} 8. O-O {[%clk 1:29:48]} g6 {[%clk 1:06:41]} 9. Be3
{[%clk 1:28:17]} c4 {[%clk 1:00:30]} 10. Bc2 {[%clk 1:27:49]} b5 {[%clk 1:00:42]}
11. g4 {[%clk 1:25:57]} Nb6 {[%clk 0:58:47]} 12. a3 {[%clk 1:21:19]} Qc7
{[%clk 0:57:23]} 13. Nbd2 {[%clk 1:19:24]} Bd7 {[%clk 0:56:17]} 14. f5
{[%clk 1:11:06]} O-O-O {[%clk 0:38:52]} 15. Ng5 {[%clk 1:05:55]} Rdf8
{[%clk 0:16:46]} 16. fxg6 {[%clk 1:03:42]} Bxg5 {[%clk 0:12:56]} 17. Bxg5
{[%clk 1:03:56]} hxg6 {[%clk 0:13:11]} 18. Bf6 {[%clk 1:03:29]} Rhg8
{[%clk 0:12:15]} 19. Nf3 {[%clk 1:03:06]} Kb7 {[%clk 0:10:50]} 20. Ng5
{[%clk 0:59:12]} a5 {[%clk 0:07:48]} 21. Qd2 {[%clk 0:57:22]} Nc8
{[%clk 0:04:21]} 22. Rf2 {[%clk 0:54:10]} Nb8 {[%clk 0:02:22]} 23. Raf1
{[%clk 0:52:50]} Bc6 {[%clk 0:00:43]} 24. Nh7 {[%clk 0:49:55]} Re8
{[%clk 0:00:43]} 25. Qh6 {[%clk 0:49:54]} Nd7 {[%clk 0:00:33]} 26. Bh4
{[%clk 0:49:22]} g5 {[%clk 0:00:31]} 27. Bxg5 {[%clk 0:48:55]} Kb6
{[%clk 0:00:31]} 28. Rxf7 {[%clk 0:49:01]} Na7 {[%clk 0:00:33]} 29. Nf6
{[%clk 0:48:30]} Rh8 {[%clk 0:00:45]} 30. Nxe8 {[%clk 0:48:44]} 1-0

[Event "World Chess Olympiad 2018"]
[Site "Batumi"]
[Date "2018.10.03"]
[Round "9"]
[Board "1"]
[WhiteFideId "13602853"]
[White "Tutisani Noe"]
[BlackFideId "696358"]
[Black "Bellahcene Bilel"]
[Result "1/2-1/2"]
[LiveChessVersion "1.4.8"]
[BlackElo "2501"]
[WhiteElo "2471"]

1. d4 {[%clk 1:30:56]} Nf6 {[%clk 1:30:50]} 2. c4 {[%clk 1:31:21]} e6
{[%clk 1:31:16]} 3. Nc3 {[%clk 1:31:48]} Bb4 {[%clk 1:31:42]} 4. f3
{[%clk 1:32:13]} c5 {[%clk 1:31:02]} 5. d5 {[%clk 1:32:43]} d6 {[%clk 1:30:49]}
6. e4 {[%clk 1:33:09]} b5 {[%clk 1:31:01]} 7. Bd2 {[%clk 1:33:22]} a6
{[%clk 1:26:22]} 8. Nge2 {[%clk 1:33:05]} O-O {[%clk 1:21:18]} 9. Ng3
{[%clk 1:33:26]} Re8 {[%clk 1:21:06]} 10. a3 {[%clk 1:28:28]} Ba5
{[%clk 1:20:50]} 11. Be2 {[%clk 1:28:09]} exd5 {[%clk 1:14:04]} 12. cxd5
{[%clk 1:27:23]} Nbd7 {[%clk 1:14:31]} 13. O-O {[%clk 1:27:37]} c4
{[%clk 1:14:00]} 14. b4 {[%clk 1:24:09]} cxb3 {[%clk 1:07:21]} 15. Qxb3
{[%clk 1:24:30]} Nc5 {[%clk 1:07:25]} 16. Qb2 {[%clk 1:22:30]} Bd7
{[%clk 1:07:53]} 17. Rab1 {[%clk 1:21:51]} Rb8 {[%clk 1:06:26]} 18. Na2
{[%clk 1:19:45]} Na4 {[%clk 1:04:52]} 19. Bxa5 {[%clk 1:19:25]} Qxa5
{[%clk 1:05:20]} 20. Qd4 {[%clk 1:17:00]} Qb6 {[%clk 0:51:31]} 21. Qxb6
{[%clk 1:13:32]} Rxb6 {[%clk 0:50:24]} 22. Bd1 {[%clk 1:13:50]} Nc5
{[%clk 0:50:20]} 23. Ne2 {[%clk 1:14:08]} a5 {[%clk 0:46:32]} 24. Nd4
{[%clk 1:12:20]} Reb8 {[%clk 0:47:01]} 25. Rf2 {[%clk 1:12:17]} Ne8
{[%clk 0:41:21]} 26. Rfb2 {[%clk 1:12:01]} Nc7 {[%clk 0:41:49]} 27. Be2
{[%clk 1:11:34]} g6 {[%clk 0:40:59]} 28. g4 {[%clk 1:07:14]} Kg7 {[%clk 0:40:30]}
29. Kf2 {[%clk 1:05:56]} N7a6 {[%clk 0:34:30]} 30. Nc6 {[%clk 0:54:33]} Bxc6
{[%clk 0:33:54]} 31. dxc6 {[%clk 0:50:46]} b4 {[%clk 0:30:24]} 32. axb4
{[%clk 0:50:40]} Na4 {[%clk 0:26:48]} 33. Bxa6 {[%clk 0:49:31]} Rxa6
{[%clk 0:23:25]} 34. b5 {[%clk 0:49:55]} Rab6 {[%clk 0:23:36]} 35. Rc2
{[%clk 0:50:08]} Rxb5 {[%clk 0:23:44]} 36. Rxb5 {[%clk 0:47:16]} Rxb5
{[%clk 0:24:12]} 37. Ke3 {[%clk 0:46:46]} Nb6 {[%clk 0:21:20]} 38. c7
{[%clk 0:45:27]} Nc8 {[%clk 0:21:48]} 39. Rc6 {[%clk 0:44:38]} Kf6
{[%clk 0:21:09]} 40. Nc3 {[%clk 1:13:54]} Rc5 {[%clk 0:48:40]} 41. Nd5+
{[%clk 1:13:17]} Ke6 {[%clk 0:48:57]} 42. Ra6 {[%clk 1:13:46]} Kd7
{[%clk 0:43:33]} 43. Ra8 {[%clk 1:14:06]} h6 {[%clk 0:44:01]} 44. h4
{[%clk 1:14:16]} f5 {[%clk 0:44:14]} 45. gxf5 {[%clk 1:13:30]} gxf5
{[%clk 0:44:40]} 46. Kf4 {[%clk 1:13:28]} fxe4 {[%clk 0:43:28]} 47. fxe4
{[%clk 1:13:34]} Rb5 {[%clk 0:38:35]} 48. Kg4 {[%clk 1:13:26]} Rb1
{[%clk 0:29:05]} 49. Rxa5 {[%clk 1:12:53]} Nb6 {[%clk 0:29:10]} 50. e5
{[%clk 1:05:13]} dxe5 {[%clk 0:27:53]} 51. Nxb6+ {[%clk 0:57:32]} Rxb6
{[%clk 0:28:12]} 52. Rc5 {[%clk 0:56:26]} Kc8 {[%clk 0:28:39]} 53. Kf5
{[%clk 0:56:28]} e4 {[%clk 0:28:24]} 1/2-1/2

[Event "World Chess Olympiad 2018"]
[Site "Batumi"]
[Date "2018.10.03"]
[Round "9"]
[Board "2"]
[WhiteFideId "7900309"]
[White "Rizouk Aimen"]
[BlackFideId "13608207"]
[Black "Oboladze Luka"]
[Result "1-0"]
[LiveChessVersion "1.4.8"]
[BlackElo "2340"]
[WhiteElo "2445"]

1. e4 {[%clk 1:30:55]} c5 {[%clk 1:30:50]} 2. Nc3 {[%clk 1:31:09]} Nc6
{[%clk 1:31:13]} 3. Bb5 {[%clk 1:30:50]} Nd4 {[%clk 1:30:24]} 4. Bc4
{[%clk 1:30:49]} e6 {[%clk 1:30:44]} 5. Nge2 {[%clk 1:30:45]} a6 {[%clk 1:30:01]}
6. a4 {[%clk 1:30:49]} Nf6 {[%clk 1:25:13]} 7. O-O {[%clk 1:29:48]} d5
{[%clk 1:17:24]} 8. exd5 {[%clk 1:26:30]} exd5 {[%clk 1:17:49]} 9. Ba2
{[%clk 1:26:40]} Nxe2+ {[%clk 1:08:04]} 10. Qxe2+ {[%clk 1:27:07]} Be7
{[%clk 1:08:22]} 11. d3 {[%clk 1:14:16]} O-O {[%clk 0:57:28]} 12. Qf3
{[%clk 1:14:09]} Bg4 {[%clk 0:52:48]} 13. Qg3 {[%clk 1:12:39]} Be6
{[%clk 0:49:06]} 14. Bh6 {[%clk 0:52:49]} Ne8 {[%clk 0:44:04]} 15. Bf4
{[%clk 0:52:32]} Qd7 {[%clk 0:42:54]} 16. Rfe1 {[%clk 0:49:42]} Nf6
{[%clk 0:41:51]} 17. Bh6 {[%clk 0:36:45]} Nh5 {[%clk 0:33:31]} 18. Qe5
{[%clk 0:35:29]} Nf6 {[%clk 0:33:21]} 19. Nxd5 {[%clk 0:29:44]} Bxd5
{[%clk 0:18:35]} 20. Qg5 {[%clk 0:27:58]} g6 {[%clk 0:18:01]} 21. Bxf8
{[%clk 0:27:04]} Rxf8 {[%clk 0:15:11]} 22. Rxe7 {[%clk 0:27:20]} Qxe7
{[%clk 0:15:38]} 23. Bxd5 {[%clk 0:27:41]} Nxd5 {[%clk 0:14:45]} 24. Qxd5
{[%clk 0:28:07]} Rd8 {[%clk 0:15:01]} 25. Qf3 {[%clk 0:26:09]} Rd6
{[%clk 0:14:21]} 26. Rf1 {[%clk 0:23:07]} Rf6 {[%clk 0:13:46]} 27. Qd5
{[%clk 0:21:20]} Rf5 {[%clk 0:14:09]} 28. Qc4 {[%clk 0:19:22]} Qe2
{[%clk 0:14:06]} 29. b3 {[%clk 0:05:21]} h5 {[%clk 0:08:08]} 30. h3
{[%clk 0:04:01]} a5 {[%clk 0:07:32]} 31. Qc3 {[%clk 0:03:16]} b6 {[%clk 0:07:19]}
32. d4 {[%clk 0:00:39]} Qe4 {[%clk 0:04:46]} 33. Re1 {[%clk 0:00:33]} Qxd4
{[%clk 0:04:47]} 34. Qxd4 {[%clk 0:00:41]} cxd4 {[%clk 0:05:13]} 35. Rd1
{[%clk 0:00:49]} Rd5 {[%clk 0:01:27]} 36. Kf1 {[%clk 0:00:40]} Kg7
{[%clk 0:00:35]} 37. Ke2 {[%clk 0:01:02]} Kf6 {[%clk 0:00:34]} 38. c4
{[%clk 0:01:03]} Rd6 {[%clk 0:00:33]} 39. Kd3 {[%clk 0:01:24]} Kf5
{[%clk 0:00:33]} 40. Re1 {[%clk 0:31:44]} g5 {[%clk 0:30:33]} 41. Re4
{[%clk 0:28:03]} f6 {[%clk 0:27:01]} 42. Rxd4 {[%clk 0:26:30]} Rc6
{[%clk 0:27:19]} 43. g4+ {[%clk 0:22:19]} hxg4 {[%clk 0:27:44]} 44. hxg4+
{[%clk 0:22:45]} Ke5 {[%clk 0:27:28]} 45. f3 {[%clk 0:22:27]} Rc5
{[%clk 0:27:08]} 46. Ke3 {[%clk 0:15:03]} Ke6 {[%clk 0:27:20]} 47. Re4+
{[%clk 0:14:55]} Kd6 {[%clk 0:27:41]} 48. Re8 {[%clk 0:14:07]} Kd7
{[%clk 0:24:31]} 49. Re4 {[%clk 0:13:21]} Kd6 {[%clk 0:24:43]} 50. Kd4
{[%clk 0:13:39]} Rc8 {[%clk 0:24:57]} 51. Ke3 {[%clk 0:13:14]} Rc5
{[%clk 0:25:00]} 52. Kd4 {[%clk 0:11:13]} Rc8 {[%clk 0:23:56]} 53. f4
{[%clk 0:11:31]} gxf4 {[%clk 0:23:56]} 54. Rxf4 {[%clk 0:11:58]} Ke6
{[%clk 0:24:15]} 55. Ke4 {[%clk 0:11:54]} Rg8 {[%clk 0:24:23]} 56. Kf3
{[%clk 0:12:14]} Rg5 {[%clk 0:24:13]} 57. Re4+ {[%clk 0:12:16]} Kd6
{[%clk 0:24:20]} 58. Kf4 {[%clk 0:12:20]} Kd7 {[%clk 0:23:51]} 59. Rd4+
{[%clk 0:12:26]} Kc6 {[%clk 0:23:52]} 60. Rd5 {[%clk 0:11:54]} Rg6
{[%clk 0:24:03]} 61. Rh5 {[%clk 0:11:41]} Kd6 {[%clk 0:23:39]} 62. Kf5
{[%clk 0:11:59]} Rg8 {[%clk 0:24:05]} 63. Rh6 {[%clk 0:11:22]} Rg5+
{[%clk 0:24:30]} 64. Kf4 {[%clk 0:11:50]} Ke6 {[%clk 0:24:40]} 65. Rh5
{[%clk 0:11:47]} 1-0

[Event "World Chess Olympiad 2018"]
[Site "Batumi"]
[Date "2018.10.03"]
[Round "9"]
[Board "3"]
[WhiteFideId "13611216"]
[White "Petriashvili Nikoloz"]
[BlackFideId "7900872"]
[Black "Arab Adlane"]
[Result "1-0"]
[LiveChessVersion "1.4.8"]
[BlackElo "2482"]
[WhiteElo "2343"]

1. c4 {[%clk 1:30:30]} Nf6 {[%clk 1:30:48]} 2. g3 {[%clk 1:30:55]} e6
{[%clk 1:30:54]} 3. Bg2 {[%clk 1:31:16]} d5 {[%clk 1:31:03]} 4. Nf3
{[%clk 1:31:41]} Be7 {[%clk 1:31:00]} 5. O-O {[%clk 1:28:15]} O-O
{[%clk 1:31:21]} 6. b3 {[%clk 1:28:40]} c5 {[%clk 1:29:58]} 7. cxd5
{[%clk 1:28:06]} exd5 {[%clk 1:29:06]} 8. d4 {[%clk 1:28:34]} Nc6
{[%clk 1:29:14]} 9. Bb2 {[%clk 1:28:20]} Ne4 {[%clk 1:28:26]} 10. Nc3
{[%clk 1:27:51]} Bf6 {[%clk 1:28:16]} 11. Na4 {[%clk 1:28:02]} b5
{[%clk 1:21:52]} 12. Nxc5 {[%clk 1:28:21]} Nxc5 {[%clk 1:16:29]} 13. Rc1
{[%clk 1:28:23]} Nxb3 {[%clk 0:58:43]} 14. Qxb3 {[%clk 1:27:11]} Na5
{[%clk 0:55:14]} 15. Qxb5 {[%clk 1:26:48]} Be6 {[%clk 0:55:04]} 16. Bc3
{[%clk 1:15:56]} Nc4 {[%clk 0:55:23]} 17. e3 {[%clk 1:15:09]} Rb8
{[%clk 0:51:56]} 18. Qa4 {[%clk 1:12:14]} Qb6 {[%clk 0:49:16]} 19. Nd2
{[%clk 1:08:50]} Nxd2 {[%clk 0:42:51]} 20. Bxd2 {[%clk 1:08:50]} Rfc8
{[%clk 0:41:32]} 21. Qa5 {[%clk 1:02:00]} Qb2 {[%clk 0:37:50]} 22. Bc3
{[%clk 1:00:24]} Qb7 {[%clk 0:38:06]} 23. a3 {[%clk 0:44:18]} Bd8
{[%clk 0:28:48]} 24. Qa4 {[%clk 0:42:11]} Bd7 {[%clk 0:29:11]} 25. Qd1
{[%clk 0:42:00]} Be7 {[%clk 0:29:04]} 26. Bb4 {[%clk 0:37:24]} Bxb4
{[%clk 0:25:11]} 27. axb4 {[%clk 0:37:40]} Bb5 {[%clk 0:23:57]} 28. Re1
{[%clk 0:38:00]} Bc4 {[%clk 0:23:36]} 29. Rb1 {[%clk 0:37:48]} Rc6
{[%clk 0:22:47]} 30. Qh5 {[%clk 0:29:45]} Rb6 {[%clk 0:21:09]} 31. Rbc1
{[%clk 0:27:31]} Qd7 {[%clk 0:18:16]} 32. e4 {[%clk 0:27:11]} Rxb4
{[%clk 0:15:49]} 33. exd5 {[%clk 0:27:40]} a5 {[%clk 0:13:30]} 34. d6
{[%clk 0:27:27]} R4b5 {[%clk 0:08:25]} 35. Qh4 {[%clk 0:26:23]} Be6
{[%clk 0:04:02]} 36. Bc6 {[%clk 0:26:05]} Qxd6 {[%clk 0:02:17]} 37. Bxb5
{[%clk 0:26:30]} Rxb5 {[%clk 0:02:46]} 38. Rc8+ {[%clk 0:26:44]} 1-0

[Event "World Chess Olympiad 2018"]
[Site "Batumi"]
[Date "2018.10.03"]
[Round "9"]
[Board "4"]
[WhiteFideId "7900856"]
[White "Belouadah Saad"]
[BlackFideId "13602799"]
[Black "Sibashvili Giorgi"]
[Result "0-1"]
[LiveChessVersion "1.4.8"]
[BlackElo "2425"]
[WhiteElo "2413"]

1. d4 {[%clk 1:30:23]} Nf6 {[%clk 1:30:48]} 2. Bf4 {[%clk 1:30:24]} d5
{[%clk 1:30:59]} 3. e3 {[%clk 1:27:19]} c5 {[%clk 1:30:58]} 4. Nc3
{[%clk 1:27:12]} a6 {[%clk 1:29:18]} 5. Nf3 {[%clk 1:26:24]} e6 {[%clk 1:28:54]}
6. Be2 {[%clk 1:23:00]} b5 {[%clk 1:22:55]} 7. O-O {[%clk 1:19:54]} Bb7
{[%clk 1:22:57]} 8. dxc5 {[%clk 1:10:28]} Bxc5 {[%clk 1:22:22]} 9. Bd3
{[%clk 1:10:47]} Nbd7 {[%clk 1:18:48]} 10. Ne2 {[%clk 1:06:14]} Ne4
{[%clk 1:08:16]} 11. Bxe4 {[%clk 0:56:52]} dxe4 {[%clk 1:08:36]} 12. Nd2
{[%clk 0:56:55]} e5 {[%clk 0:55:40]} 13. Bg3 {[%clk 0:56:49]} h5 {[%clk 0:54:12]}
14. h3 {[%clk 0:52:10]} h4 {[%clk 0:53:28]} 15. Bh2 {[%clk 0:52:37]} Rh6
{[%clk 0:51:56]} 16. c4 {[%clk 0:52:24]} Qg5 {[%clk 0:49:09]} 17. Kh1
{[%clk 0:52:41]} Rg6 {[%clk 0:45:28]} 18. Rg1 {[%clk 0:52:50]} Qf5
{[%clk 0:44:04]} 19. Qf1 {[%clk 0:49:24]} Rd6 {[%clk 0:39:02]} 20. Nb3
{[%clk 0:43:26]} bxc4 {[%clk 0:38:03]} 21. Na5 {[%clk 0:43:32]} Bd5
{[%clk 0:36:48]} 22. Rd1 {[%clk 0:39:03]} Bb4 {[%clk 0:25:56]} 23. Nc3
{[%clk 0:35:04]} Bxc3 {[%clk 0:26:17]} 24. bxc3 {[%clk 0:28:08]} Nc5
{[%clk 0:26:41]} 25. Nxc4 {[%clk 0:23:29]} Bxc4 {[%clk 0:27:01]} 26. Qxc4
{[%clk 0:23:58]} Nd3 {[%clk 0:27:21]} 27. Rd2 {[%clk 0:22:47]} Qxf2
{[%clk 0:21:16]} 28. Qxd3 {[%clk 0:09:37]} Qxg1+ {[%clk 0:21:21]} 29. Kxg1
{[%clk 0:02:57]} Rxd3 {[%clk 0:21:41]} 0-1

[Event "World Chess Olympiad 2018"]
[Site "Batumi"]
[Date "2018.10.03"]
[Round "9"]
[Board "1"]
[WhiteFideId "2900017"]
[White "Georgiev Kiril"]
[BlackFideId "13002783"]
[Black "Wynn Zaw Htun"]
[Result "1/2-1/2"]
[LiveChessVersion "1.4.8"]
[BlackElo "2473"]
[WhiteElo "2590"]

1. d4 {[%clk 1:30:55]} Nf6 {[%clk 1:30:53]} 2. Nf3 {[%clk 1:31:17]} e6
{[%clk 1:30:45]} 3. Bf4 {[%clk 1:31:08]} c5 {[%clk 1:30:32]} 4. e3
{[%clk 1:31:31]} Be7 {[%clk 1:29:17]} 5. h3 {[%clk 1:31:38]} b6 {[%clk 1:27:56]}
6. c3 {[%clk 1:29:05]} O-O {[%clk 1:27:39]} 7. Nbd2 {[%clk 1:29:26]} cxd4
{[%clk 1:25:59]} 8. exd4 {[%clk 1:27:33]} Bb7 {[%clk 1:25:35]} 9. Bd3
{[%clk 1:27:54]} d6 {[%clk 1:25:41]} 10. O-O {[%clk 1:28:00]} Re8
{[%clk 1:21:19]} 11. Re1 {[%clk 1:27:57]} h6 {[%clk 1:20:58]} 12. a4
{[%clk 1:28:07]} a6 {[%clk 1:19:58]} 13. Nc4 {[%clk 1:27:19]} Nd5
{[%clk 1:09:31]} 14. Bg3 {[%clk 1:26:29]} Qc7 {[%clk 1:06:21]} 15. Nfd2
{[%clk 1:24:37]} Nd7 {[%clk 1:03:27]} 16. Bf1 {[%clk 1:18:32]} N5f6
{[%clk 0:59:39]} 17. Ne3 {[%clk 1:14:47]} Bf8 {[%clk 0:55:54]} 18. Bd3
{[%clk 1:13:34]} Rad8 {[%clk 0:50:49]} 19. Qe2 {[%clk 1:12:17]} Qc8
{[%clk 0:49:35]} 20. Qf1 {[%clk 1:04:05]} Be7 {[%clk 0:45:34]} 21. Bh2
{[%clk 1:02:39]} Bf8 {[%clk 0:44:49]} 22. Rad1 {[%clk 1:01:07]} Be7
{[%clk 0:44:08]} 23. f3 {[%clk 0:59:54]} Nf8 {[%clk 0:34:33]} 24. Nec4
{[%clk 0:58:18]} Qc7 {[%clk 0:30:34]} 25. Kh1 {[%clk 0:57:09]} Nd5
{[%clk 0:26:42]} 26. Bg3 {[%clk 0:54:53]} Nd7 {[%clk 0:21:23]} 27. Na3
{[%clk 0:51:30]} Qc8 {[%clk 0:20:18]} 28. Nc2 {[%clk 0:51:07]} N7f6
{[%clk 0:19:49]} 29. Bh2 {[%clk 0:50:03]} Nh5 {[%clk 0:19:32]} 30. Qf2
{[%clk 0:50:09]} Qc6 {[%clk 0:13:34]} 31. Ra1 {[%clk 0:47:36]} Bg5
{[%clk 0:08:27]} 32. c4 {[%clk 0:44:09]} Ndf4 {[%clk 0:07:23]} 33. Bf1
{[%clk 0:44:13]} Ng6 {[%clk 0:05:33]} 34. a5 {[%clk 0:36:55]} bxa5
{[%clk 0:04:46]} 35. Rxa5 {[%clk 0:36:58]} Qb6 {[%clk 0:03:18]} 36. b4
{[%clk 0:36:38]} e5 {[%clk 0:03:15]} 37. Ne4 {[%clk 0:23:50]} Bf4
{[%clk 0:01:23]} 38. c5 {[%clk 0:18:44]} dxc5 {[%clk 0:01:51]} 39. dxc5
{[%clk 0:18:58]} Qc6 {[%clk 0:01:35]} 40. b5 {[%clk 0:48:01]} axb5
{[%clk 0:31:38]} 41. Bxb5 {[%clk 0:47:42]} Qc7 {[%clk 0:24:43]} 42. Ra7
{[%clk 0:47:30]} Re6 {[%clk 0:24:30]} 43. c6 {[%clk 0:43:38]} Rxc6
{[%clk 0:24:46]} 44. Bxc6 {[%clk 0:44:01]} Qxc6 {[%clk 0:25:13]} 45. Qc5
{[%clk 0:37:35]} Qxc5 {[%clk 0:22:20]} 46. Nxc5 {[%clk 0:38:03]} Bxf3
{[%clk 0:22:41]} 47. Nd7 {[%clk 0:31:59]} Bc6 {[%clk 0:18:14]} 48. Rd1
{[%clk 0:31:02]} Kh8 {[%clk 0:12:57]} 49. Rd6 {[%clk 0:21:59]} Rc8
{[%clk 0:12:46]} 50. Ne1 {[%clk 0:21:55]} Bxg2+ {[%clk 0:07:43]} 51. Nxg2
{[%clk 0:20:40]} Rc1+ {[%clk 0:08:05]} 52. Bg1 {[%clk 0:20:57]} Ng3+
{[%clk 0:08:07]} 53. Kh2 {[%clk 0:21:25]} Nf1+ {[%clk 0:03:40]} 54. Kh1
{[%clk 0:21:54]} Ng3+ {[%clk 0:03:22]} 55. Kh2 {[%clk 0:22:04]} 1/2-1/2

[Event "World Chess Olympiad 2018"]
[Site "Batumi"]
[Date "2018.10.03"]
[Round "9"]
[Board "2"]
[WhiteFideId "13000110"]
[White "Nay Oo Kyaw Tun"]
[BlackFideId "2903024"]
[Black "Georgiev Vladimir"]
[Result "1/2-1/2"]
[LiveChessVersion "1.4.8"]
[BlackElo "2479"]
[WhiteElo "2389"]

1. d4 {[%clk 1:30:51]} d5 {[%clk 1:30:50]} 2. Bf4 {[%clk 1:31:12]} c5
{[%clk 1:31:12]} 3. e3 {[%clk 1:31:35]} Nc6 {[%clk 1:31:38]} 4. c3
{[%clk 1:31:56]} Nf6 {[%clk 1:31:59]} 5. Nd2 {[%clk 1:32:18]} Bg4
{[%clk 1:31:44]} 6. Qb3 {[%clk 1:28:51]} Qc8 {[%clk 1:29:40]} 7. Ngf3
{[%clk 1:26:39]} c4 {[%clk 1:29:06]} 8. Qd1 {[%clk 1:25:12]} e6 {[%clk 1:28:58]}
9. h3 {[%clk 1:24:25]} Bh5 {[%clk 1:25:27]} 10. Be2 {[%clk 1:24:17]} b5
{[%clk 1:25:39]} 11. a3 {[%clk 1:23:05]} Nd7 {[%clk 1:24:09]} 12. O-O
{[%clk 1:18:43]} Be7 {[%clk 1:22:44]} 13. Re1 {[%clk 1:14:13]} Bg6
{[%clk 1:20:27]} 14. Bf1 {[%clk 1:12:46]} O-O {[%clk 1:20:44]} 15. e4
{[%clk 1:11:25]} Nb6 {[%clk 1:21:04]} 16. Ne5 {[%clk 1:02:27]} Nxe5
{[%clk 1:11:12]} 17. Bxe5 {[%clk 1:02:47]} Na4 {[%clk 1:08:13]} 18. Ra2
{[%clk 0:57:46]} Re8 {[%clk 1:06:55]} 19. Bf4 {[%clk 0:47:16]} a5
{[%clk 1:04:12]} 20. g3 {[%clk 0:36:55]} Qd7 {[%clk 0:57:38]} 21. Qc2
{[%clk 0:31:23]} Nb6 {[%clk 0:55:32]} 22. Bg2 {[%clk 0:27:07]} Rad8
{[%clk 0:53:40]} 23. Qd1 {[%clk 0:19:27]} dxe4 {[%clk 0:44:16]} 24. Nxe4
{[%clk 0:14:51]} Nd5 {[%clk 0:44:33]} 25. Qc1 {[%clk 0:14:24]} Bf8
{[%clk 0:41:45]} 26. Ra1 {[%clk 0:13:06]} h6 {[%clk 0:41:26]} 27. Kh2
{[%clk 0:06:48]} Qc8 {[%clk 0:40:51]} 28. Be3 {[%clk 0:05:27]} Qc7
{[%clk 0:38:15]} 29. Kg1 {[%clk 0:05:30]} f5 {[%clk 0:33:55]} 30. Nd2
{[%clk 0:04:05]} Nxe3 {[%clk 0:33:53]} 31. Rxe3 {[%clk 0:04:11]} Bd6
{[%clk 0:34:03]} 32. f4 {[%clk 0:04:30]} Bh5 {[%clk 0:30:56]} 33. Nf3
{[%clk 0:01:52]} g5 {[%clk 0:30:43]} 34. Ne5 {[%clk 0:02:12]} gxf4
{[%clk 0:30:23]} 35. gxf4 {[%clk 0:02:40]} Kh7 {[%clk 0:30:46]} 36. Qe1
{[%clk 0:02:09]} Rg8 {[%clk 0:30:59]} 37. Rg3 {[%clk 0:01:09]} Rxg3
{[%clk 0:26:25]} 38. Qxg3 {[%clk 0:01:36]} Rg8 {[%clk 0:26:36]} 39. Qf2
{[%clk 0:01:40]} Bxe5 {[%clk 0:14:31]} 1/2-1/2